Boroughs of Košice - Statistics

General Stats
  • This quiz has been taken 134 times
  • The average score is 15 of 22
Answer Stats
- Borough % Correct
25 578 Dargovských hrdinov
85%
20 861 Staré Mesto
85%
2 538 Ťahanovce
85%
3 734 Barca
78%
24 215 Nad Jazerom
78%
23 253 Sídlisko KVP
78%
745 Džungľa
70%
6 689 Luník IX
70%
2 087 Pereš
70%
6 032 Šaca
70%
20 152 Sever
70%
22 572 Juh
67%
6 101 Krásna
67%
1 377 Kavečany
63%
39 409 Západ
63%
888 Lorinčík
59%
2 540 Myslava
59%
2 957 Košická Nová Ves
56%
21 748 Sídlisko Ťahanovce
48%
1 217 Poľov
44%
2 687 Vyšné Opátske
44%
758 Šebastovce
41%
No matching quizzes found
Score Distribution
Percent of People with Each Score
Percentile by Number Answered
Your Score History
You have not taken this quiz